What does it mean to be kind? / (Record no. 6938)

MARC details
000 -LEADER
fixed length control field 01399nam a22003017a 4500
001 - CONTROL NUMBER
control field 6938
003 - CONTROL NUMBER IDENTIFIER
control field FISKH
005 - DATE AND TIME OF LATEST TRANSACTION
control field 20250611092659.0
008 - FIXED-LENGTH DATA ELEMENTS--GENERAL INFORMATION
fixed length control field 250611b cb ||||| |||| 00| 0 eng d
020 ## - INTERNATIONAL STANDARD BOOK NUMBER
International Standard Book Number 9781338088175
040 ## - CATALOGING SOURCE
Original cataloging agency FISKH
Language of cataloging eng
Transcribing agency FISKH
Modifying agency FISKH
050 ## - LIBRARY OF CONGRESS CALL NUMBER
Classification number BJ1533.K5 D56
082 ## - DEWEY DECIMAL CLASSIFICATION NUMBER
Classification number 177.7
100 ## - MAIN ENTRY--PERSONAL NAME
Personal name DiOrio, Rana
245 ## - TITLE STATEMENT
Title What does it mean to be kind? /
Statement of responsibility, etc. By Rana DiOrio ; Illustrated by Stephane Jorisch
250 ## - EDITION STATEMENT
Edition statement This edition first published in 2016
260 ## - PUBLICATION, DISTRIBUTION, ETC.
Place of publication, distribution, etc. San Francisco :
Name of publisher, distributor, etc. Scholastic,
Date of publication, distribution, etc. 2015
300 ## - PHYSICAL DESCRIPTION
Extent 26 unnumbered pages :
Other physical details color illustrations ;
Dimensions 22 x 26 cm
505 ## - FORMATTED CONTENTS NOTE
Formatted contents note J<br/>
520 ## - SUMMARY, ETC.
Summary, etc. Juvenile Nonfiction. Sociology. Picture Book Nonfiction. HTML:Now in paperback!<br/><br/>A girl in a red hat finds the courage to be kind to the new student in class. Her kindness spreads, kind act by kind act, until her whole community experiences the magical shift that happens when everyone understands�and acts on—what it means to be kind.<br/><br/>The fifth book in Rana DiOrio's award-winning What Does It Mean To Be ...?® series, What Does It Mean To Be Kind? was named a 2015 Moonbeam Gold Medalist and won a Mom's Choice Gold Award.<br/>
521 8# - TARGET AUDIENCE NOTE
Target audience note 430<br/>
Source Lexile<br/><br/>
521 8# - TARGET AUDIENCE NOTE
Target audience note J<br/>
Source Raz-Plus<br/>
650 ## - SUBJECT ADDED ENTRY--TOPICAL TERM
Source of heading or term Manners
Topical term or geographic name entry element Emotions
650 ## - SUBJECT ADDED ENTRY--TOPICAL TERM
Source of heading or term Empathy
Topical term or geographic name entry element Feelings
700 ## - ADDED ENTRY--PERSONAL NAME
Personal name Jorisch, Stephane
Dates associated with a name illustrator
942 ## - ADDED ENTRY ELEMENTS (KOHA)
Source of classification or shelving scheme Dewey Decimal Classification
Koha item type Books
Suppress in OPAC No
Holdings
Withdrawn status Lost status Source of classification or shelving scheme Damaged status Not for loan Collection Home library Current library Shelving location Date acquired Total Checkouts Full call number Barcode Date last seen Date last checked out Copy number Price effective from Koha item type
    Dewey Decimal Classification     Juvenile Fiction Footprints International School Library Network Toul Tom Poung Campus Footprints International School Library Network Toul Tom Poung Campus TTP Primary Dark Blue Bookshelves 06/11/2025 2 DIO 177.7 BJ1533.K5 D56 2025-1572 11/10/2025 10/24/2025 1 06/11/2025 Books